| 000 | 00721nam a2200229Ia 4500 | ||
|---|---|---|---|
| 005 | 20250508165553.0 | ||
| 008 | 008 250505s9999 xx 000 0 eng d | ||
| 020 | _a978-0-415-89708-2 | ||
| 037 | _aReference | ||
| 040 |
_aFEDL _beng _cFEDL |
||
| 041 |
_aeng _2eng |
||
| 084 |
_a907, TUR/RR _qFEDL |
||
| 100 |
_aTurk Diana B _9781209 |
||
| 245 | 0 | _aTeaching recent global history: Dialogues among historians social studies teachers and students | |
| 260 |
_aLondon, UK _bRoutledge _c2014 |
||
| 300 | _axii, 263p. | ||
| 365 |
_aGBP _b30.99 |
||
| 490 | _aTransforming Teaching | ||
| 700 |
_a Dull Laura J Cohen Robert and others _9781210 |
||
| 942 |
_cREF _h907, TUR/RR |
||
| 999 |
_c1395930 _d1395930 |
||